Immigration Ukraine - Statistiken

Allgemein
  • Dieses Quiz wurde 64 mal gespielt
  • Das Durchschnittsergebnis liegt bei 14 aus 19
Antwortstatistiken
Platz Land Anzahl % Korrekt
1. Russland 3.613.240
100%
10. Deutschland 64.015
96%
6. Polen 145.106
91%
2. Weißrussland 270.751
89%
15. Lettland 19.095
77%
16. Litauen 16.012
75%
18. Estland 10.964
74%
5. Moldawien 165.126
74%
3. Kasachstan 245.072
72%
7. Vereinigte Staaten 98.321
70%
8. Aserbaidschan 90.753
68%
9. Georgien 71.015
66%
19. Tschechien 7.473
66%
17. Ungarn 11.235
66%
11. Armenien 52.168
64%
14. Turkmenistan 24.926
57%
13. Kirgisistan 29.476
55%
12. Tadschikistan 32.386
55%
4. Usbekistan 242.390
55%
Keine übereinstimmenden Quizze gefunden
Verteilung der Resultate
Anzahl Personen mit jedem Resultat
Perzentil nach korrekt beantworteten Fragen
Ihre Resultats-Entwicklung
Sie haben dieses Quiz noch nicht gespielt